000 00882nam a2200277 i 4500
001 60041
003 ES-MaACL
005 20250827062607.0
007 t|
008 031103s1985 sp l |||| | spa d
020 _a84-7398-339-4
110 1 _aEspaña
_93622
243 1 0 _aLeyes, etc., de administración pública
245 1 0 _aCódigo de las leyes administrativas /
_cEduardo García de Enterría, José A. Escalante.
250 _a5ª ed., reimp. septiembre de 1985.
260 _aMadrid :
_bCivitas,
_c1985.
300 _a2390 p. ;
_c24 cm.
500 _aTabla cronológica: 1867-1969.
500 _aÍndices.
650 7 _aDerecho administrativo-
_zEspaña
_2
_9145992
700 1 _aGarcía de Enterría, Eduardo.
_954425
700 1 _aEscalante, José A.
_947466
852 _aES-MaACL
_jL-8784
852 _aES-MaACL
_jL-9459
999 _c60041
_d60041